| 000 | 00446nam a2200133Ia 4500 | ||
|---|---|---|---|
| 008 | 250506s9999 xx 000 0 und d | ||
| 024 | _a13B-74-BS, 13B-73-BS & 13B-65-BS | ||
| 082 | _a004.16756491072 SHA | ||
| 100 | _aSharmeen Khalid, Sana Komal Khalid & Sidra Bano | ||
| 245 | 0 | _aLearning Land ( a kids learning app) (code book) | |
| 260 |
_aKarachi: _bUIT, _c2013 |
||
| 600 | _aComputer Science | ||
| 650 | _aBachelor of Computer Science (BS) | ||
| 999 |
_c28309 _d28309 |
||